Normal view
MARC view
- McGraw-Hill series in aeronautical and aerospace engineering
Entry Uniform Title
001 - CONTROL NUMBER
- control field: 2588
003 - CONTROL NUMBER IDENTIFIER
- control field: NUST
005 - DATE AND TIME OF LATEST TRANSACTION
- control field: 20170614090002.0
008 - FIXED-LENGTH DATA ELEMENTS
- fixed length control field: 170614|| aca||aabn | a|a d
040 ## - CATALOGING SOURCE
- Original cataloging agency: NUST
- Transcribing agency: NUST
130 ## - HEADING--UNIFORM TITLE
- Uniform title: McGraw-Hill series in aeronautical and aerospace engineering
670 ## - SOURCE DATA FOUND
- Source citation: Work cat.: (NUST)23313: Anderson, John D., Jr. (John David), 1937- 2213, Introduction to flight /, c1989.
